[Event "FRA-chT4 1415"]
[Site "Champagne Ardennes"]
[Date "2015.01.12"]
[Round "4.8"]
[White "Prost, Catherine"]
[Black "Habran, Gael"]
[Result "0-1"]
[WhiteElo "1280"]
[BlackElo "1535"]
[PlyCount "48"]
[EventDate "2014.10.16"]
[EventType "team-tourn"]
[EventRounds "7"]
[EventCountry "FRA"]
[SourceTitle "EXT 2024"]
[Source "ChessBase"]
[SourceDate "2023.10.10"]
[SourceVersion "1"]
[SourceVersionDate "2023.10.10"]
[SourceQuality "1"]

1. Nf3 d5 2. b3 d4 3. Bb2 c5 4. d3 Nc6 5. Nbd2 Nf6 6. g3 g6 7. Bg2 Bg7 8. 0-0 0-0 9. Rc1 e5 10. c3 Nd5 11. cxd4 cxd4 12. a3 Be6 13. b4 a5 14. b5 Nce7 15. a4 Nb6 16. Ng5 Bd5 17. Bxd5 Nexd5 18. Qb3 Qxg5 19. Nf3 Qe7 20. Ba3 Nb4 21. Ne1 Rfc8 22. Nc2 N6d5 23. e3 Rc3 24. e4 Rxb3 0-1

[Event "FRA-chT4"]
[Site "France"]
[Date "2013.04.09"]
[Round "7.8"]
[White "Prost, Catherine"]
[Black "Lechein, Capucine"]
[Result "1-0"]
[WhiteElo "1240"]
[BlackElo "1099"]
[PlyCount "73"]
[EventDate "2012.10.24"]
[EventType "team-swiss"]
[EventRounds "9"]
[EventCountry "FRA"]
[SourceTitle "EXT 2014"]
[Source "ChessBase"]
[SourceDate "2013.11.20"]
[SourceVersion "1"]
[SourceVersionDate "2013.11.20"]
[SourceQuality "1"]

1. Nf3 Nc6 2. b3 d5 3. Bb2 e6 4. e3 Bd6 5. Bb5 Bd7 6. 0-0 Nf6 7. d3 0-0 8. Nbd2 a6 9. Bxc6 Bxc6 10. Qe2 Qe7 11. Ne5 Bb5 12. c4 dxc4 13. bxc4 Ba4 14. f4 Bc2 15. Ndf3 Ba4 16. Rfc1 Bxe5 17. Nxe5 Rad8 18. Rab1 b6 19. Rc3 Rfe8 20. Ba3 c5 21. Rxb6 Ra8 22. d4 Rac8 23. Bxc5 Rxc5 24. dxc5 Qxc5 25. Rxa6 Qb4 26. Rc1 h6 27. Qf3 Bd7 28. Nxd7 Nxd7 29. Ra8 Rxa8 30. Qxa8+ Nf8 31. Qd8 Qb2 32. Qd1 Qxa2 33. c5 Qd5 34. Qxd5 exd5 35. c6 Ne6 36. c7 Nxc7 37. Rxc7 1-0

[Event "FRA-chT4"]
[Site "France"]
[Date "2012.10.14"]
[Round "?"]
[White "Prost, Catherine"]
[Black "Louot, Catherine"]
[Result "0-1"]
[WhiteElo "1280"]
[BlackElo "1519"]
[PlyCount "122"]
[EventDate "2012.10.24"]
[EventType "team-swiss"]
[EventRounds "9"]
[EventCountry "FRA"]
[SourceTitle "EXT 2014"]
[Source "ChessBase"]
[SourceDate "2013.11.20"]
[SourceVersion "1"]
[SourceVersionDate "2013.11.20"]
[SourceQuality "1"]

1. Nf3 d5 2. b3 Nc6 3. Bb2 e6 4. e3 Nf6 5. Bb5 Bd7 6. d3 Bb4+ 7. c3 Bd6 8. 0-0 e5 9. Nbd2 e4 10. dxe4 dxe4 11. Nd4 Nxd4 12. Bxd7+ Nxd7 13. exd4 Qh4 14. g3 Qh3 15. Nxe4 Be7 16. Qf3 f5 17. Nd2 0-0-0 18. Rae1 Bg5 19. Nc4 Nf6 20. Qg2 Qh6 21. f4 Bh4 22. gxh4 Qxh4 23. Ne5 Rde8 24. Qg5 Qh6 25. Qxh6 gxh6 26. Kh1 Rhg8 27. Nd3 Ne4 28. c4 Rd8 29. d5 c6 30. Rc1 cxd5 31. cxd5+ Kb8 32. Be5+ Ka8 33. Rg1 Rge8 34. Rg7 Rxd5 35. Rgc7 a6 36. Rc8+ Rxc8 37. Rxc8+ Ka7 38. Nb2 Nf2+ 39. Kg2 Rd2 40. Kf1 Ng4 41. Ke1 Rxh2 42. Bd4+ b6 43. Rc7+ Kb8 44. Rxh7 Rh1+ 45. Kd2 Rh2+ 46. Kc3 Rh3+ 47. Kb4 a5+ 48. Kb5 Rf3 49. Bxb6 Kc8 50. Bd4 Rxf4 51. Be3 Nxe3 52. Rxh6 Rd4 53. Kc5 Rd5+ 54. Kb6 f4 55. Rh8+ Kd7 56. Rh7+ Ke6 57. Rh8 Ng4 58. Na4 f3 59. Nc3 f2 60. Rh1 Ne3 61. Nxd5 Kxd5 0-1

[Event "FRA-chT3"]
[Site "France"]
[Date "2011.12.11"]
[Round "3"]
[White "Prost, Catherine"]
[Black "Pohier, Manon"]
[Result "1-0"]
[WhiteElo "1310"]
[BlackElo "1120"]
[PlyCount "57"]
[EventDate "2012.01.20"]
[EventType "team-match"]
[EventRounds "9"]
[EventCountry "FRA"]
[SourceTitle "EXT 2014"]
[Source "ChessBase"]
[SourceDate "2013.11.20"]
[SourceVersion "1"]
[SourceVersionDate "2013.11.20"]
[SourceQuality "1"]

1. Nf3 Nc6 2. b3 e5 3. Bb2 Bd6 4. e3 b6 5. Bb5 Bb7 6. d3 Qf6 7. Nbd2 Bb4 8. c3 a6 9. Bxc6 Bxc6 10. cxb4 d6 11. 0-0 Ne7 12. Rc1 0-0 13. Qe2 Rac8 14. Rc2 Bd5 15. Rfc1 c6 16. e4 Be6 17. a4 b5 18. h3 Rfd8 19. d4 Ng6 20. dxe5 dxe5 21. Rxc6 Ne7 22. Rxc8 Nxc8 23. Bxe5 Qe7 24. Nd4 Rd7 25. Rxc8+ Rd8 26. Rxd8+ Qxd8 27. Nxe6 f6 28. Nxd8 fxe5 29. Qf3 1-0

[Event "FRA-chT3"]
[Site "France"]
[Date "2011.11.13"]
[Round "2"]
[White "Prost, Catherine"]
[Black "Brajon, Victoria"]
[Result "0-1"]
[WhiteElo "1310"]
[BlackElo "1447"]
[PlyCount "50"]
[EventDate "2012.01.20"]
[EventType "team-match"]
[EventRounds "9"]
[EventCountry "FRA"]
[SourceTitle "EXT 2014"]
[Source "ChessBase"]
[SourceDate "2013.11.20"]
[SourceVersion "1"]
[SourceVersionDate "2013.11.20"]
[SourceQuality "1"]

1. Nf3 Nc6 2. b3 e5 3. Bb2 e4 4. Nd4 Nxd4 5. Bxd4 d5 6. d3 exd3 7. Qxd3 c6 8. Qe3+ Qe7 9. Bxa7 Qxe3 10. Bxe3 Bf5 11. Kd1 Be7 12. Nd2 Bf6 13. Rb1 Rxa2 14. Ke1 Bxc2 15. f3 Bxb1 16. g4 Bc3 17. Bg2 Bc2 18. Kf2 Bxd2 19. Bxd2 Bxb3 20. Bc3 f6 21. Be1 Ne7 22. Kg3 h5 23. e4 Kf7 24. Bb4 Ng6 25. exd5 h4+ 0-1

[Event "FRA-chT3"]
[Site "France"]
[Date "2011.10.16"]
[Round "1"]
[White "Mouriot, Didier"]
[Black "Prost, Catherine"]
[Result "1-0"]
[WhiteElo "1420"]
[BlackElo "1310"]
[PlyCount "124"]
[EventDate "2012.01.20"]
[EventType "team-match"]
[EventRounds "9"]
[EventCountry "FRA"]
[SourceTitle "EXT 2014"]
[Source "ChessBase"]
[SourceDate "2013.11.20"]
[SourceVersion "1"]
[SourceVersionDate "2013.11.20"]
[SourceQuality "1"]

1. d4 d5 2. c4 e6 3. Nc3 Nf6 4. Bg5 Be7 5. Nf3 Nbd7 6. e3 0-0 7. Bd3 c6 8. 0-0 dxc4 9. Bxc4 b5 10. Bd3 a6 11. Re1 Bb7 12. e4 Rc8 13. e5 Nd5 14. Bxe7 Qxe7 15. Qd2 c5 16. Be4 cxd4 17. Qxd4 Qc5 18. Rac1 Qxd4 19. Nxd4 Ba8 20. a3 N7b6 21. Nxd5 Bxd5 22. Bxd5 Nxd5 23. Nc6 Rc7 24. g3 Nb6 25. Nb4 Rxc1 26. Rxc1 a5 27. Nc2 a4 28. Nd4 Nc4 29. Nxb5 Nxb2 30. Rc3 h6 31. Nd6 f6 32. exf6 Rxf6 33. Rc8+ Kh7 34. Rc2 Nd3 35. Re2 e5 36. Ne4 Re6 37. h4 Kg6 38. f3 Kf5 39. Kg2 Rg6 40. Kh3 Rb6 41. g4+ Kf4 42. Kg2 Rb2 43. Rxb2 Nxb2 44. Nc5 Nc4 45. Nxa4 Nxa3 46. Nc5 g6 47. Nd3+ Ke3 48. Nxe5 Nc2 49. Nxg6 Ne1+ 50. Kg3 Nxf3 51. h5 Ng5 52. Ne7 Ne4+ 53. Kh4 Nf6 54. Nf5+ Ke4 55. Nxh6 Nh7 56. Nf5 Nf6 57. h6 Nh7 58. Nd4 Ke5 59. Nf3+ Kf6 60. Kh5 Nf8 61. g5+ Ke6 62. g6 Ke7 1-0

[Event "FRA-chT4 0001"]
[Site "Champagne Ardenne"]
[Date "2001.03.11"]
[Round "6"]
[White "Baume, Sandrine"]
[Black "Prost, Catherine"]
[Result "0-1"]
[WhiteElo "1430"]
[BlackElo "1599"]
[PlyCount "34"]
[EventDate "2001.10.??"]
[EventType "team"]
[EventRounds "7"]
[EventCountry "FRA"]
[SourceTitle "EXT 2005"]
[Source "ChessBase"]
[SourceDate "2004.11.15"]
[SourceVersion "1"]
[SourceVersionDate "2004.11.15"]
[SourceQuality "1"]

1. e4 e5 2. Nf3 Nc6 3. c3 d5 4. Qa4 dxe4 5. Nxe5 Bd6 6. Nxc6 bxc6 7. Qxc6+ Bd7 8. Qxe4+ Ne7 9. Bc4 0-0 10. d4 Re8 11. 0-0 Ng6 12. Qf3 Be6 13. Bxe6 Rxe6 14. Bg5 f6 15. Qd5 Bxh2+ 16. Kxh2 Qxd5 17. Be3 Nh4 0-1

[Event "FRA-chT4 0001"]
[Site "Champagne Ardenne"]
[Date "2000.10.15"]
[Round "1"]
[White "Prost, Catherine"]
[Black "Renard, Luc"]
[Result "1/2-1/2"]
[WhiteElo "1599"]
[BlackElo "1660"]
[PlyCount "66"]
[EventDate "2001.10.??"]
[EventType "team"]
[EventRounds "7"]
[EventCountry "FRA"]
[SourceTitle "EXT 2005"]
[Source "ChessBase"]
[SourceDate "2004.11.15"]
[SourceVersion "1"]
[SourceVersionDate "2004.11.15"]
[SourceQuality "1"]

1. e4 e6 2. Nc3 d5 3. Nf3 Nf6 4. exd5 exd5 5. d4 Bg4 6. Be2 Be7 7. 0-0 0-0 8. Bf4 c6 9. Ne5 Bxe2 10. Qxe2 Nbd7 11. Rae1 Re8 12. Qd3 Nh5 13. Ne2 Nxf4 14. Nxf4 Bd6 15. Nxd7 Qxd7 16. Nh3 Re7 17. Ng5 g6 18. Re2 Rxe2 19. Qxe2 Re8 20. Qd2 Qe7 21. Nf3 Qc7 22. Re1 Rxe1+ 23. Qxe1 Kf8 24. g3 Qe7 25. Qd2 Kg7 26. Nh4 Qf6 27. c3 Be7 28. Ng2 Qg5 29. Qxg5 Bxg5 30. f4 Be7 31. Ne1 c5 32. dxc5 Bxc5+ 33. Kg2 f5 1/2-1/2